000 00518nam a2200193Ia 4500
005 20250923150023.0
008 008 250917s9999 xx 000 0 eng d
037 _aTextual
040 _aDSWL
_beng
_cDSWL
041 _aeng
_2eng
084 _qDSWL
245 0 _aSubaltern studies II : Writings on South Asian history and society
_cEd. by Ranjit Guha
260 _aNew Delhi
_bO.U.P.
_c1993
300 _a358 p.
365 _aINR
_b195.00
925 _g195.00
942 _cTEXL
999 _c1458592
_d1458592